Регионална библиотека "Любен Каравелов" - Русе

Еретици (Запис номер 183887)

MARC детайли
000 -Лидер
Контролно поле с фиксирана дължина 01316nam a2200313 c 4500
003 - Код на организацията, давaща контролен номер
Контролно поле BLK
005 - Дата и час на последна редакция
Контролно поле 20180422115318.0
008 - Елементи от данни с фиксирана дължина
fixed length control field 180411b bul|||||r ||||||| ||bul||
010 ## - Наследен системен номер
LC control number KNG00192832000
040 ## - Източник на каталожния запис
Идентификатор на билиотеката - собственик на записа BLK
041 ## - Код за език
Код за езика на текст/звукозапис или на отделно заглавие Български
Код за езика КДБФ Български
080 ## - УДК
Текстов определител УДК Българска литература
УДК код - определител по УДК 821.163.2
УДК определител -2
УДК - код + определител 821.163.2-2
100 1# - Редна дума - Автор
Автор Драгова, Надежда Николова
Авторска отговорност първи автор
R(LIN) 363491
139 ## - Редно поле
Редна дума Драгова, Надежда Николова и др.
Авторски знак Драго - Д 86
245 10 - Сведения за заглавието
Заглавие Еретици
Подзаглавни данни [Пиеса в 10 карт.]
Редно поле (дума) Надежда Николова Драгова; съавт. Първан Стефанов.
257 ## - Страна на издаване
Страна на създаване/издаване България
260 ## - Област на издателските данни
-- София
Име на издателя, разпространителя и проч. Бълг. писател
Година на издаване 1968
300 ## - Физическа характеристика
Страници 83 с.
Размери/Мащаб 18 см
380 ## - Жанр
Жанр Худож. лит.
490 1# - СЕРИИ (Колекции)
Име на серия Съвременна българска драма
500 ## - Общи забележки
Забележка 2 700 тир. - Истор. пиеса за мисията на Кирил и Методий в Моравия
653 ## - Ключова дума – ненормативна
Ключова дума св. св. Кирил и Методий
700 1# - Други автори (авторска отговорност)
Лично име Стефанов, Първан
Автороска отговорност (Описва отношението между автора и произведението) съавт.
Друга информация Рангелов, Първан Стефанов
9 (RLIN) 363605
852 ## - Местоположение
Форматна сигнатура Цб I 10076
856 4# - Електронен адрес и достъп
Електронен формат pdf - файл
Път до файла /url/
856 4# - Електронен адрес и достъп
Електронен формат pdf - файл
Път до файла /url/
942 ## - АРТИКУЛИ
Вид на библиотечния материал Книги
Скрит в OPAC Не
944 ## - СЪЗДАВАНЕ И РЕДАКЦИЯ на ЗАПИСА
Създаване/Редакция Създаване
Дата на регистрацията/редакция 13.10.2016
Служител, извършил регистрацията/редакцията Валя_Йорданова
944 ## - СЪЗДАВАНЕ И РЕДАКЦИЯ на ЗАПИСА
Създаване/Редакция Редакция
Дата на регистрацията/редакция 13.10.2016
Служител, извършил регистрацията/редакцията Валя_Йорданова
999 ## - СИСТЕМНИ КОНТРОЛНИ НОМЕРА
Koha biblionumber 183887
Koha biblioitemnumber 183887
Наличности
Код за отписване Код за изгубен артикул Източник на класификационната схема Код за повреда Коз за рестрикции Код за отдаване Артикулен № Име на библиотеката - собственик Име на библиотеката, в която се намира в момента Статус (Текущо местоположение) Дата на вписване в системата Местоположение - отдел Цена в лева Инвентарен номер Систематично азбучна сигнатура Баркод Номер на екземпляра Цена в евро Служебна бележка Служебен тип на артикула
  Не е изгубен Universal Decimal Classification Не е повреден само за читалня ползва се в читалня 317349 Регионална библиотека "Любен Каравелов" Русе Регионална библиотека "Любен Каравелов" Русе Хранилище 1968-01-01 Хранилище 0.42 11284/68 Цб I 10076 900000030452 1 0.21 Дост: Dp Вид: Д N: Сф Дата: 01.01.1968 Книги
Изтеглен Не е изгубен Universal Decimal Classification Не е повреден без рестрикции заемане за дома 317350 Регионална библиотека "Любен Каравелов" Русе Регионална библиотека "Любен Каравелов" Русе Заемна - подръчен фонд 1968-01-01 Заемна - подръчен фонд 0.00 10878/68 П 886.7-2/Д 86 10878/68 2 0.00 N: Сф Дата: 01.01.1968 Книги
Изтеглен Не е изгубен Universal Decimal Classification Не е повреден без рестрикции заемане за дома 317351 Регионална библиотека "Любен Каравелов" Русе Регионална библиотека "Любен Каравелов" Русе Заемна - подръчен фонд 1968-01-01 Заемна - подръчен фонд 0.00 10879/68 П 886.7-2/Д 86 10879/68 3 0.00 N: Сф Дата: 01.01.1968 Книги
Vip Innovations Ltd, Rousse, Bulgaria 2025